000 00363 a2200157 4500
001 59677
020 _a9788508125067
040 _cAnchieta - Pituba
100 _aRigolin, Tércio Barbosa
240 1 0 _aTudo é geografia, 6ºano
_lpor
245 1 0 _aTudo é geografia, 6ºano
300 _a256
362 0 _a2010
650 4 _aGeografia e viagens
942 _cBK
999 _c59677
_d59677